[Event "Mecklenburg VP-chC"]
[Site "Greifswald"]
[Date "2024.03.24"]
[Round "4"]
[White "Rex, Manuel"]
[Black "Vakeel, Eshwar"]
[Result "0-1"]
[WhiteElo "1674"]
[BlackElo "1594"]
[PlyCount "84"]
[EventDate "2024.03.23"]
[EventType "swiss"]
[EventRounds "7"]
[EventCountry "GER"]
[SourceTitle "CBM 219 Extra"]
[Source "ChessBase"]
[SourceDate "2024.05.31"]
[SourceVersion "1"]
[SourceVersionDate "2024.05.31"]
[SourceQuality "1"]

1. d4 d5 2. Bf4 Nf6 3. e3 e6 4. c3 c5 5. Nd2 Nc6 6. Ngf3 Be7 7. Bd3 0-0 8. h3 b6 9. 0-0 Bb7 10. Qe2 a5 11. Ne5 Nxe5 12. dxe5 Nd7 13. Nf3 f6 14. Qc2 f5 15. Rad1 Qc7 16. Rfe1 Rac8 17. Rc1 Bc6 18. Be2 c4 19. Nd4 Kf7 20. g4 fxg4 21. Bxg4 Nc5 22. Bh2 Bd7 23. Be2 Kg8 24. Rf1 Bh4 25. f4 Qd8 26. Bg4 Qe8 27. f5 Nd3 28. Rb1 exf5 29. Bxf5 Bxf5 30. Nxf5 Qg6+ 31. Qg2 Rxf5 32. Rxf5 Qxf5 33. Rf1 Qg5 34. Qg4 Qxg4+ 35. hxg4 Rf8 36. Bf4 g5 37. Bh2 Bf2+ 38. Kg2 Bxe3 39. Rf5 Rxf5 40. gxf5 Bf4 41. Bxf4 Nxf4+ 42. Kf3 Kf7 0-1

[Event "Mecklenburg VP-chC"]
[Site "Greifswald"]
[Date "2024.03.23"]
[Round "1"]
[White "Vakeel, Eshwar"]
[Black "Pfennigschmidt, Lennart Ivo"]
[Result "0-1"]
[WhiteElo "1594"]
[BlackElo "1641"]
[PlyCount "40"]
[EventDate "2024.03.23"]
[EventType "swiss"]
[EventRounds "7"]
[EventCountry "GER"]
[SourceTitle "CBM 219 Extra"]
[Source "ChessBase"]
[SourceDate "2024.05.31"]
[SourceVersion "1"]
[SourceVersionDate "2024.05.31"]
[SourceQuality "1"]

1. e4 e5 2. Nf3 Nc6 3. Bc4 Nf6 4. Ng5 d5 5. exd5 Na5 6. Bb5+ c6 7. dxc6 bxc6 8. Qf3 Be7 9. Nc3 0-0 10. d3 Bg4 11. Qe3 cxb5 12. Qxe5 Nc6 13. Qxb5 Nd4 14. Qa4 Bc5 15. Nge4 Re8 16. 0-0 Bb6 17. Nxf6+ Qxf6 18. Ne4 Qg6 19. Bf4 Rxe4 20. dxe4 Ne2+ 0-1

[Event "Greifswald Springer op"]
[Site "Greifswald"]
[Date "2022.10.10"]
[Round "6"]
[White "Vakeel, Eshwar"]
[Black "Gottschalt, Karsten"]
[Result "1-0"]
[WhiteElo "1157"]
[BlackElo "1145"]
[PlyCount "39"]
[EventDate "2022.10.08"]
[EventType "swiss"]
[EventRounds "7"]
[EventCountry "GER"]
[SourceTitle "CBM 210 Extra"]
[Source "ChessBase"]
[SourceDate "2022.11.30"]
[SourceVersion "1"]
[SourceVersionDate "2022.11.30"]
[SourceQuality "1"]

1. e4 e5 2. Nf3 Nc6 3. Bc4 f6 4. 0-0 Nge7 5. c3 d5 6. exd5 Nxd5 7. Qb3 Be6 8. d4 b6 9. dxe5 fxe5 10. Rd1 Nce7 11. Bg5 c6 12. Nxe5 Qd6 13. Nf3 b5 14. Bxd5 Nxd5 15. c4 bxc4 16. Qxc4 Qc7 17. Re1 Qd6 18. Nd4 Nc7 19. Nxe6 Nxe6 20. Rxe6+ 1-0

[Event "Greifswald Ryck op 23rd"]
[Site "Greifswald"]
[Date "2022.07.09"]
[Round "6"]
[White "Vakeel, Eshwar"]
[Black "Eschrig, Immanuel"]
[Result "0-1"]
[WhiteElo "1141"]
[BlackElo "1233"]
[PlyCount "108"]
[EventDate "2022.07.06"]
[EventType "swiss"]
[EventRounds "7"]
[EventCountry "GER"]
[SourceTitle "EXT 2023"]
[Source "ChessBase"]
[SourceDate "2022.10.05"]
[SourceVersion "1"]
[SourceVersionDate "2022.10.05"]
[SourceQuality "1"]

1. e4 e5 2. Nf3 Nc6 3. Bc4 Bc5 4. c3 Nf6 5. d3 d6 6. b4 Bb6 7. 0-0 0-0 8. Bg5 Bg4 9. b5 Nd4 10. cxd4 Bxd4 11. h3 Bxf3 12. Qxf3 Bxa1 13. Bxf6 Qxf6 14. Qxf6 gxf6 15. Nd2 Bd4 16. Nb3 Bc5 17. Nxc5 dxc5 18. f4 Kg7 19. fxe5 fxe5 20. Rf5 f6 21. g4 h6 22. a4 b6 23. h4 Kg6 24. h5+ Kg7 25. Kf2 Rfe8 26. Kg3 Rac8 27. Kg2 c6 28. Kg3 cxb5 29. axb5 Rb8 30. Rf1 a5 31. Ra1 Ra8 32. Ra4 f5 33. Bd5 Ra7 34. exf5 Rd7 35. Be4 Rd4 36. Ra1 Rb4 37. Rf1 Kf6 38. Kh4 a4 39. Rg1 Rg8 40. Bd5 Rd8 41. Bc4 a3 42. Rg2 Ra4 43. Ra2 Rd4 44. Kg3 Rf4 45. Re2 Rfxc4 46. dxc4 a2 47. Rxa2 Rxa2 48. Kf3 Kg5 49. Ke4 Kxg4 50. Kxe5 Kxh5 51. f6 Kg5 52. Kd6 Kxf6 53. Kc6 Rc2 54. Kxb6 Rxc4 0-1